Trouver le score des matchs de la Coupe du monde 2014 (Tableau final) - Statistiques

Statistiques générales
  • Ce quiz a été pris 302 fois
  • Le résultat moyen est 15 sur 16
Statistiques - réponses
Stade Match Score % Correct
Huitièmes de finale France - Nigeria 2-0
97%
Quarts de finale France - Allemagne 0-1
96%
Demi-finales Brésil - Allemagne 1-7
96%
Huitièmes de finale Allemagne - Algérie 2-1
95%
Finale Allemagne - Argentine 1-0
93%
Quarts de finale Brésil - Colombie 2-1
93%
Huitièmes de finale Colombie - Uruguay 2-0
91%
Huitièmes de finale Argentine - Suisse 1-0
90%
Huitièmes de finale Brésil* - Chili 1-1
90%
Huitièmes de finale Pays-Bas - Mexique 2-1
90%
Demi-finales Pays-Bas - Argentine* 0-0
89%
Quarts de finale Argentine - Belgique 1-0
89%
Huitièmes de finale Costa Rica* - Grèce 1-1
89%
Huitièmes de finale Belgique - Etats-Unis 2-1
89%
Troisième place Brésil - Pays-Bas 0-3
88%
Quarts de finale Pays-Bas* - Costa Rica 0-0
87%
Aucun quiz correspondant
Distribution des résultats
% des personnes avec chaque résultat
Percentile par nombre de réponses
Votre historique - résultats
Vous n’avez pas pris ce quiz